=LDR 00000nam 2200000 4500 =001 INLIS000000000017600 =005 20130612112819 =008 ***********************************Ind** =035 ##$$0010-061300000017600 =041 ##$$a Ind =082 ##$$a 621.382 1 =090 ##$$a 621.382 1, Gun k =100 ##$$a Gunawan, Arif Hamdani =245 ##$$a Komunikasi data cable netwok, Arief Hamdani Gunawan =260 ##$$a 2004 $b Jakarta =300 ##$$a 215 hlm, ilus, 26 cm =650 ##$$a Teknik elektronik =850 ##$$a NBPNMAT